000 00981nam a2200229Ia 4500
003 OSt
005 20260417173228.0
006 a|||||r|||| 00| 0
007 ta
008 220926b |||||||| |||| 00| 0 hin d
024 _a65403
037 _cTheses
040 _aCRL
_cCRL
_bhin
041 _2hin
_ahin
100 _aपारीक, मीनाक्षी, ले.
_91235115
245 0 _aनिरूक्त के पूर्वषट्टक में उदाह्त मत्रो का समीक्षात्मक अध्ययन
246 _aNirūkta ke pūrvaṣhaṭṭak mean udāhta matro kā samīkṣhātmak adhyayana
260 _aदिल्ली
_bडिर्पामेन्ट ऑफ संस्कृत दिल्ली विश्वविद्यालय भारत
_c2005
300 _a534पृ0
_ap.
_ccm.
942 _cTH
_2CC
999 _c888136
_d888136